| 000 | 00602nam a2200169 a 4500 | ||
|---|---|---|---|
| 005 | 20140412111306.0 | ||
| 008 | 010426s19uu xx 00 eng d | ||
| 020 | _a0-689-71211-1 | ||
| 050 |
_aTR(PS E _bI1 1988 |
||
| 100 | _aSheldon, Dyan | ||
| 245 |
_aI forgot / _cwritten by Dyan Sheldon; illustrated by John Rogan. |
||
| 260 |
_aNew York : _bAladdin Books, _c1989. |
||
| 300 | _a1v. (unp.) ; ill. | ||
| 520 | _aThough he always seems to forget something that he's supposed to do, Jake surprises his mother by remembering something really important | ||
| 650 | _aMemory-Fiction | ||
| 999 |
_c103701 _d103701 |
||